Month by Phonetic Name Quiz Stats

 Plays Quiz Updated Aug 5, 2019

Score 0/12 Timer 02:00
2 Plays Today
% Correct
February
98%
November
97.9%
September
97.8%
April
97.6%
August
97.5%
May
97.4%
December
97.1%
March
96.6%
October
96.6%
June
95.4%
July
91.8%
January
87.4%

You're not logged in!

Compare scores with friends on all Sporcle quizzes.
OR
Log In

Sporcle TV

Today on Sporcle TV


Watch our educational content, quiz creation guides, and fun videos on Sporcle TV.

Show Comments

Extras

Top Quizzes Today


Score Distribution

Your Account Isn't Verified!

In order to create a playlist on Sporcle, you need to verify the email address you used during registration. Go to your Sporcle Settings to finish the process.

Report this User

Report this user for behavior that violates our Community Guidelines.

Details: